[Event "15th European Team Championship (Women)"]
[Site "Gothenburg SWE"]
[Date "2005.07.30"]
[EventDate "2005.07.30"]
[Round "1"]
[Result "1/2-1/2"]
[White "Inna Agrest"]
[Black "Lyubka Georgieva Genova"]
[WhiteElo "1984"]
[BlackElo "2235"]
[PlyCount "94"]

1. e4 c5 2. c3 Nf6 3. e5 Nd5 4. d4 cxd4 5. Nf3 e6 6. cxd4 d6
7. Bc4 Nc6 8. O-O Be7 9. Qe2 O-O 10. a3 a6 11. Bd3 Qc7 12. Qe4
f5 13. exf6 Nxf6 14. Qh4 e5 15. dxe5 Nxe5 16. Nxe5 dxe5
17. Nc3 Be6 18. Bg5 h6 19. Be3 Rad8 20. Rfd1 Bg4 21. f3 Be6
22. Qg3 Bc5 23. Bxc5 Qxc5+ 24. Kh1 Bb3 25. h3 Qe3 26. Qg6 Bxd1
27. Rxd1 Qg5 28. Qxg5 hxg5 29. Bc4+ Kh8 30. Re1 Rd4 31. Be6
Re8 32. Bf5 Rd2 33. b4 Kg8 34. Bg6 Re7 35. Ne4 Nxe4 36. Rxe4
Rd4 37. Re3 Kf8 38. Kg1 Re6 39. Bf5 Re7 40. Bg6 Rd6 41. Bf5
Kf7 42. Rc3 Kf6 43. Be4 Rd8 44. Rc5 Red7 45. b5 Rd1+ 46. Kh2
R8d7 47. a4 R1d6 1/2-1/2

[Event "15th European Team Championship (Women)"]
[Site "Gothenburg SWE"]
[Date "2005.08.02"]
[EventDate "2005.07.30"]
[Round "4"]
[Result "1-0"]
[White "Olga Sikorova"]
[Black "Inna Agrest"]
[WhiteElo "2232"]
[BlackElo "1984"]
[PlyCount "199"]

1. e4 e5 2. Bc4 Nf6 3. d3 Nc6 4. Nc3 Bb4 5. Nge2 d5 6. exd5
Nxd5 7. O-O Nb6 8. Bb3 O-O 9. Kh1 Na5 10. f4 Nxb3 11. axb3
exf4 12. Nxf4 Bd7 13. Nh5 f5 14. Qf3 Bd6 15. Bf4 Bxf4 16. Qxf4
g6 17. Qg3 Bc6 18. Rae1 Qd7 19. Qg5 Qd6 20. Re7 Rf7 21. Rxf7
Kxf7 22. Qh6 gxh5 23. Rxf5+ Ke8 24. Qxh7 Qe7 25. Qxh5+ Kd8
26. Qh8+ Kd7 27. Qd4+ Kc8 28. Ne4 Kb8 29. Qe3 a6 30. Qf4 Ka7
31. Rf7 Qb4 32. h3 Rg8 33. Kh2 Qe1 34. Qf2 Qa5 35. c3 Qb5
36. Qf3 Rd8 37. Qf4 Qxd3 38. Nf2 Qd5 39. Rg7 Rd7 40. Rg5 Qxb3
41. Ng4 Qxb2 42. Ne5 Rd6 43. c4 Qd4 44. Nxc6+ bxc6 45. Rg4
Qxf4+ 46. Rxf4 c5 47. g4 Kb7 48. g5 Kc8 49. h4 Rg6 50. Kg3 Kd7
51. Kg4 Ke7 52. h5 Rg8 53. Re4+ Kf7 54. g6+ Rxg6+ 55. hxg6+
Kxg6 56. Re5 Na4 57. Re6+ Kf7 58. Kf5 Nb6 59. Rh6 Ke7 60. Ke5
Kd7 61. Ke4 a5 62. Rh5 Kc6 63. Rh6+ Kd7 64. Kd3 a4 65. Kc3 a3
66. Rh2 Kd6 67. Ra2 Kd7 68. Rxa3 Kd6 69. Ra1 Kd7 70. Rh1 Kc6
71. Rh6+ Kd7 72. Kb3 Ke7 73. Rc6 Nd7 74. Rxc7 Kd6 75. Ra7 Nb6
76. Rh7 Kc6 77. Rh6+ Kc7 78. Kc3 Na4+ 79. Kb3 Nb6 80. Rh2 Kc6
81. Kc3 Kc7 82. Kd3 Kc6 83. Rh6+ Kc7 84. Rf6 Kb7 85. Rg6 Kc7
86. Rh6 Kb7 87. Ke4 Nxc4 88. Kd5 Ne3+ 89. Kxc5 Nf5 90. Rf6 Ne3
91. Rf7+ Ka6 92. Rf6+ Kb7 93. Rf7+ Ka6 94. Rf3 Nc2 95. Kc4 Kb6
96. Rb3+ Kc6 97. Kd3 Ne1+ 98. Ke2 Ng2 99. Rb4 Kd5 100. Rg4 1-0

[Event "15th European Team Championship (Women)"]
[Site "Gothenburg SWE"]
[Date "2005.08.07"]
[EventDate "2005.07.30"]
[Round "9"]
[Result "0-1"]
[White "Inna Agrest"]
[Black "Vlasta Macek"]
[WhiteElo "1984"]
[BlackElo "2211"]
[PlyCount "116"]

1. e4 e6 2. d4 d5 3. e5 c5 4. c3 Nc6 5. Nf3 Bd7 6. Bd3 cxd4
7. cxd4 Qb6 8. O-O Nxd4 9. Nxd4 Qxd4 10. Nc3 Qb6 11. Qg4 a6
12. h3 g6 13. Kh1 Qd8 14. Qg3 Bc6 15. Ne2 Bg7 16. Bg5 Qd7
17. h4 Ne7 18. h5 Bb5 19. h6 Bf8 20. Nd4 Bxd3 21. Qxd3 Nf5
22. Nxf5 gxf5 23. Rac1 Rg8 24. Be3 Be7 25. Rc2 Bd8 26. Rfc1
Rg6 27. Qd2 Qa4 28. b3 Qg4 29. f3 Qh5+ 30. Kg1 Qxf3 31. Bc5
Rc8 32. Qb4 b5 33. a4 Qg4 34. Qa3 Be7 35. Qb2 Bxc5+ 36. Rxc5
Rxc5 37. Rxc5 Qd1+ 38. Kf2 d4 39. axb5 axb5 40. Rc8+ Kd7
41. Rc2 Qd3 42. Qa2 Qe3+ 43. Kf1 d3 44. Qa6 Qf4+ 45. Kg1 Qd4+
46. Rf2 Qxe5 47. Qb7+ Ke8 48. Qa8+ Ke7 49. Qa7+ Kf6 50. Qa5
Qd4 51. Qa8 Kg5 52. Qa2 Kxh6 53. Kf1 Rg4 54. Qd2+ Kg6 55. g3
Rxg3 56. Rg2 Qa1+ 57. Kf2 Rxg2+ 58. Kxg2 Qd4 0-1

[Event "XXXV Rilton Cup"]
[Site "Stockholm SWE"]
[Date "2005.12.29"]
[EventDate "2005.12.27"]
[Round "3"]
[Result "1/2-1/2"]
[White "Emil Hermansson"]
[Black "Inna Agrest"]
[WhiteElo "2449"]
[BlackElo "2005"]
[PlyCount "62"]

1. e4 e5 2. Nf3 Nc6 3. Bb5 a6 4. Ba4 Nf6 5. O-O b5 6. Bb3 Bc5
7. a4 Rb8 8. c3 O-O 9. d4 Bb6 10. Na3 d6 11. axb5 axb5
12. Nxb5 Bg4 13. Bc2 Qe8 14. d5 Ne7 15. c4 Nxe4 16. Bxe4 f5
17. Bd3 e4 18. Be2 exf3 19. Bxf3 Ng6 20. b3 Ne5 21. Bxg4 fxg4
22. Be3 Qg6 23. Bxb6 cxb6 24. Nd4 Nf3+ 25. Kh1 Nxh2 26. Kxh2
Qh6+ 27. Kg1 g3 28. fxg3 Qe3+ 29. Kh2 Qh6+ 30. Kg1 Qe3+
31. Kh2 Qh6+ 1/2-1/2

[Event "XXXV Rilton Cup"]
[Site "Stockholm SWE"]
[Date "2005.12.30"]
[EventDate "2005.12.27"]
[Round "4"]
[Result "0-1"]
[White "Inna Agrest"]
[Black "Luis Couso"]
[WhiteElo "2005"]
[BlackElo "2347"]
[PlyCount "104"]

1. e4 e6 2. d4 d5 3. e5 c5 4. c3 Qb6 5. Nf3 Bd7 6. Bd3 cxd4
7. cxd4 Bb5 8. O-O Bxd3 9. Qxd3 Qa6 10. Qd1 Ne7 11. Nc3 Nd7
12. a4 Nc6 13. Nb5 Qb6 14. Ng5 a6 15. Qh5 Nd8 16. Nc3 g6
17. Qg4 Bg7 18. Rd1 h6 19. Nf3 Nc6 20. Rb1 Ne7 21. Qh3 Rc8
22. Ne2 Qb3 23. Bd2 Qxa4 24. b4 Nb6 25. b5 Nc4 26. Nc3 Qa5
27. Be1 Qc7 28. bxa6 bxa6 29. Na4 O-O 30. Nc5 Qc6 31. Rdc1 Rb8
32. Ra1 Rb6 33. Nd2 Nf5 34. Nxc4 dxc4 35. Bc3 h5 36. f3 Rd8
37. Kh1 Rxd4 38. Bxd4 Nxd4 39. Na4 Rb5 40. Nc3 Rxe5 41. Rab1
Ne2 42. Nxe2 Rxe2 43. Qh4 c3 44. Qd8+ Kh7 45. Qd3 Ra2 46. Rb4
Qd5 47. Qf1 Rd2 48. Rc4 a5 49. h3 a4 50. Kh2 a3 51. Ra4 c2
52. Qa6 Qxf3 0-1

[Event "Gibtelecom Chess Festival"]
[Site "Gibraltar"]
[Date "2006.01.25"]
[EventDate "2006.01.24"]
[Round "2.39"]
[Result "1/2-1/2"]
[White "Patryk Lagowski"]
[Black "Inna Agrest"]
[WhiteElo "2393"]
[BlackElo "2030"]
[PlyCount "154"]

1. d4 Nf6 2. Nf3 d5 3. c4 e6 4. g3 c6 5. Nbd2 Nbd7 6. Bg2 Bd6
7. O-O O-O 8. Qc2 e5 9. cxd5 cxd5 10. dxe5 Nxe5 11. Nxe5 Bxe5
12. Nf3 Bd6 13. Rd1 Be6 14. Be3 a6 15. Bd4 Rc8 16. Qb3 b5
17. a4 b4 18. Qd3 a5 19. Ng5 g6 20. Rac1 Rxc1 21. Rxc1 Bf5
22. Qa6 Ne4 23. Nxe4 dxe4 24. e3 Re8 25. h3 h5 26. Qb5 Rf8
27. Qd5 Re8 28. Rc6 Bc7 29. Qc5 Bb8 30. Qb6 Qxb6 31. Bxb6 Bd7
32. Rc5 Re5 33. Rxa5 Rxa5 34. Bxa5 Bxa4 35. Bxb4 f5 36. Bf1
Bb3 37. Bc3 Kf7 38. h4 Bd6 39. Bb5 Bc5 40. Kf1 Be7 41. Be2 Kg8
42. Ke1 Kh7 43. Kd2 Kh6 44. Bd1 Bd5 45. b4 g5 46. hxg5+ Kxg5
47. b5 Bd6 48. Ba5 Be7 49. Be2 h4 50. gxh4+ Kxh4 51. Bc7 Bb4+
52. Kd1 Kh3 53. b6 Bb7 54. Bc4 Kg2 55. Ke2 Bc5 56. Bd8 Bd6
57. Bf6 f4 58. exf4 Bxf4 59. Bd4 Bg5 60. Be3 Be7 61. Be6 Ba6+
62. Kd2 Bb4+ 63. Kd1 Bb7 64. Bf5 Be7 65. Kc2 Kf3 66. Kc3 Bh4
67. Bh7 Ba8 68. Bg6 Bb7 69. Bf5 Ba8 70. Bg6 Bb7 71. Bh5+ Kg2
72. Bg6 Kf3 73. Bd4 Ba8 74. Be3 Bb7 75. Bh5+ Kg2 76. Bg6 Kf3
77. Bf5 Ba8 1/2-1/2

[Event "Gibtelecom Chess Festival"]
[Site "Gibraltar"]
[Date "2006.01.26"]
[EventDate "2006.01.24"]
[Round "3.41"]
[Result "0-1"]
[White "Inna Agrest"]
[Black "Mary Ann Gomes"]
[WhiteElo "2030"]
[BlackElo "2231"]
[PlyCount "36"]

1. e4 c5 2. c3 Nf6 3. e5 Nd5 4. d4 cxd4 5. Nf3 Nc6 6. Bc4 Nb6
7. Bb3 d5 8. exd6 Qxd6 9. O-O Be6 10. Bxe6 Qxe6 11. Nxd4 Nxd4
12. Qxd4 Rd8 13. Qh4 Qe2 14. Nd2 e6 15. Qg3 h5 16. Nf3 h4
17. Nxh4 Rxh4 18. Qxh4 Rd1 0-1

[Event "Gibtelecom Chess Festival"]
[Site "Gibraltar"]
[Date "2006.01.27"]
[EventDate "2006.01.24"]
[Round "4.43"]
[Result "1/2-1/2"]
[White "Inna Agrest"]
[Black "Enrique Osuna Vega"]
[WhiteElo "2030"]
[BlackElo "2192"]
[PlyCount "113"]

1. e4 e5 2. Nf3 Nc6 3. Bb5 a6 4. Ba4 Nf6 5. O-O d6 6. c3 b5
7. Bb3 Be7 8. h3 O-O 9. Re1 Na5 10. Bc2 c5 11. d3 Re8 12. Nbd2
Bf8 13. Nf1 Bb7 14. Ng3 g6 15. Nh2 d5 16. Qe2 dxe4 17. dxe4
Qc7 18. Ng4 Nxg4 19. Qxg4 Bc8 20. Qf3 Be6 21. Nf1 c4 22. Bg5
Bg7 23. Ne3 f6 24. Bh4 Nb7 25. g4 Rf8 26. Rad1 Bh6 27. Nd5
Bxd5 28. Rxd5 Bf4 29. b3 Rad8 30. Red1 Rxd5 31. exd5 Nd6
32. b4 a5 33. a3 axb4 34. axb4 g5 35. Bg3 Ra8 36. Bxf4 gxf4
37. h4 Qg7 38. Kh2 Ra2 39. Bb1 Rb2 40. Rf1 Qa7 41. Kh1 Rd2
42. Kg1 Qf7 43. Be4 Nxe4 44. Qxe4 Qxd5 45. Qf5 Qd7 46. Qh5 Qf7
47. Qf5 Qd7 48. Qh5 Rd5 49. Ra1 Rd1+ 50. Rxd1 Qxd1+ 51. Kh2
Kg7 52. Qf5 Qd2 53. Kg1 Qe1+ 54. Kg2 Qxc3 55. Qd7+ Kf8
56. Qd8+ Kf7 57. Qd7+ 1/2-1/2

[Event "Gibtelecom Chess Festival"]
[Site "Gibraltar"]
[Date "2006.01.28"]
[EventDate "2006.01.24"]
[Round "5.45"]
[Result "1-0"]
[White "Hans Groffen"]
[Black "Inna Agrest"]
[WhiteElo "2185"]
[BlackElo "2030"]
[PlyCount "97"]

1. d4 Nf6 2. c4 c5 3. d5 b5 4. cxb5 a6 5. bxa6 Bxa6 6. Nf3 d6
7. Nc3 g6 8. g3 Bg7 9. Bg2 O-O 10. Rb1 Nbd7 11. O-O Qa5
12. Bd2 Rfb8 13. b3 Qa3 14. Ne1 Qa5 15. a4 Qc7 16. Nc2 Nb6
17. Na3 Qd7 18. Qc2 Ra7 19. Rfd1 Qd8 20. h3 Nfd7 21. Ncb5 Raa8
22. Bc3 Nf6 23. e4 Nbd7 24. Bf1 Bf8 25. Be2 Ne8 26. f4 Nc7
27. Kg2 Nxb5 28. axb5 Bc8 29. Ra1 e5 30. dxe6 fxe6 31. Bf3 Bb7
32. Nc4 Nb6 33. Qe2 Nxc4 34. bxc4 Rxa1 35. Bxa1 Ra8 36. Qb2
Kf7 37. h4 h5 38. Qh8 Ra2+ 39. Kg1 Rxa1 40. Qxa1 Bg7 41. Qa7
Qe7 42. Rd3 Bd4+ 43. Kg2 e5 44. fxe5 Bxe5 45. Ra3 Bc8
46. Qxe7+ Kxe7 47. Ra7+ Kd8 48. b6 Be6 49. Ra8+ 1-0

[Event "Gibtelecom Chess Festival"]
[Site "Gibraltar"]
[Date "2006.01.29"]
[EventDate "2006.01.24"]
[Round "6.52"]
[Result "1-0"]
[White "Inna Agrest"]
[Black "Maria Pitz Jacobsen"]
[WhiteElo "2030"]
[BlackElo "1879"]
[PlyCount "47"]

1. e4 c6 2. d4 d5 3. exd5 cxd5 4. c4 dxc4 5. Bxc4 Nf6 6. Nf3
e6 7. O-O Be7 8. Nc3 O-O 9. Re1 Nbd7 10. a3 Nb6 11. Ba2 Nfd5
12. Qd3 Nxc3 13. bxc3 Qc7 14. Ng5 g6 15. Qh3 h5 16. Qd3 Nd5
17. c4 Nf6 18. Nf3 b6 19. Ne5 Bd6 20. Bh6 Rd8 21. Qf3 Ng4
22. Bg5 Nxe5 23. dxe5 Be7 24. Bxe7 1-0

[Event "Gibtelecom Chess Festival"]
[Site "Gibraltar"]
[Date "2006.01.30"]
[EventDate "2006.01.24"]
[Round "7.38"]
[Result "1-0"]
[White "Petra Schuurman"]
[Black "Inna Agrest"]
[WhiteElo "2234"]
[BlackElo "2030"]
[PlyCount "103"]

1. d4 Nf6 2. c4 g6 3. Nc3 Bg7 4. e4 O-O 5. Nf3 d6 6. Be2 e5
7. Be3 Nbd7 8. O-O c6 9. dxe5 dxe5 10. b4 Qc7 11. Qc2 Nh5
12. Rfd1 Nf4 13. Bf1 Re8 14. g3 Ne6 15. c5 h5 16. Na4 Nf6
17. h3 Nd4 18. Nxd4 exd4 19. Bxd4 Nxe4 20. Bxg7 Kxg7 21. Nc3
Ng5 22. Qb2 Nxh3+ 23. Kh2 Ng5 24. Ne4+ Qe5 25. Qxe5+ Rxe5
26. Nxg5 Rxg5 27. Rd8 Rd5 28. Re8 Rd7 29. Bg2 Rb8 30. Rae1 Rc7
31. Bh3 f5 32. Rd1 b6 33. Rdd8 bxc5 34. bxc5 a5 35. Bg2 Ra8
36. Bf1 a4 37. a3 Rb8 38. Kg2 Kh7 39. Ba6 Bxa6 40. Rxb8 Kg7
41. Ra8 Bb5 42. f4 Rd7 43. Rad8 Rb7 44. Kh3 Bf1+ 45. Kh4 Bc4
46. Rd6 Bd5 47. Red8 Rb1 48. Kg5 h4 49. R8d7+ Kh8 50. Kxg6 Rb8
51. Rh7+ Kg8 52. Rdd7 1-0

[Event "Gibtelecom Chess Festival"]
[Site "Gibraltar"]
[Date "2006.01.31"]
[EventDate "2006.01.24"]
[Round "8.47"]
[Result "0-1"]
[White "Inna Agrest"]
[Black "Vincenzo Giacopelli"]
[WhiteElo "2030"]
[BlackElo "2102"]
[PlyCount "118"]

1. e4 d6 2. d4 g6 3. Nc3 Bg7 4. Be3 a6 5. Qd2 Nd7 6. Be2 b5
7. h4 h5 8. O-O-O Bb7 9. f3 Ngf6 10. Nh3 b4 11. Nb1 a5 12. Nf2
Rc8 13. g4 c5 14. gxh5 Nxh5 15. Rdg1 Qb6 16. d5 Ba6 17. f4
Bxe2 18. Qxe2 Bd4 19. Ng4 c4 20. Qf3 c3 21. Bxd4 Qxd4 22. b3
Ndf6 23. Nf2 Nxd5 24. exd5 Qxf4+ 25. Qxf4 Nxf4 26. Rg5 Rc5
27. a3 Rh5 28. Rxh5 gxh5 29. Nd3 Nxd3+ 30. cxd3 Rxd5 31. Rf1
e5 32. Rf5 Rxd3 33. Rxh5 Ke7 34. Rg5 Rd4 35. h5 Rh4 36. h6 Kf6
37. Rg8 d5 38. axb4 axb4 39. Rb8 Kg6 40. Rb5 Kxh6 41. Rxd5 f6
42. Rc5 Kg5 43. Kc2 Kf5 44. Rb5 Rh2+ 45. Kc1 Ke4 46. Rxb4+ Kd3
47. Nxc3 Kxc3 48. Rc4+ Kd3 49. Rc8 f5 50. b4 f4 51. Rf8 Ke3
52. b5 f3 53. b6 Rh1+ 54. Kc2 Rh2+ 55. Kc1 Rh1+ 56. Kc2 Rh7
57. Kd1 f2 58. Kc2 Rb7 59. Rf6 Ke2 0-1

[Event "7th European Individual Championship: Women"]
[Site "Kusadasi TUR"]
[Date "2006.04.06"]
[EventDate "2006.04.04"]
[Round "3"]
[Result "0-1"]
[White "Inna Agrest"]
[Black "Angela Dragomirescu"]
[WhiteElo "2030"]
[BlackElo "2255"]
[PlyCount "60"]

1. e4 g6 2. d4 Bg7 3. Nc3 d6 4. Be3 a6 5. Bd3 b5 6. Qd2 Bb7
7. a4 c6 8. Nf3 Nd7 9. O-O e5 10. d5 b4 11. Ne2 cxd5 12. Qxb4
Qc7 13. exd5 Bxd5 14. Nc3 Ngf6 15. Ng5 O-O 16. f4 Rab8 17. Qa3
Bb7 18. Rad1 Ng4 19. Bf2 exf4 20. Be2 Nxf2 21. Qxd6 Qa5
22. Rxf2 Qxg5 23. Qxd7 f3 24. Bf1 fxg2 25. Be2 Be5 26. Qh3
Rbd8 27. Bf3 Rxd1+ 28. Nxd1 Bxf3 29. Rxf3 Bd4+ 30. Nf2 Re8 0-1

[Event "7th European Individual Championship: Women"]
[Site "Kusadasi TUR"]
[Date "2006.04.07"]
[EventDate "2006.04.04"]
[Round "4"]
[Result "1-0"]
[White "Tatjana Lematschko"]
[Black "Inna Agrest"]
[WhiteElo "2180"]
[BlackElo "2030"]
[PlyCount "81"]

1. d4 Nf6 2. c4 g6 3. f3 Bg7 4. e4 O-O 5. Nc3 d6 6. Be3 Nbd7
7. Nh3 c5 8. dxc5 dxc5 9. Nf2 b6 10. Be2 Ne5 11. Nd5 Nc6
12. O-O Ne8 13. Rb1 Nc7 14. Qc1 Ne6 15. Rd1 Ned4 16. Qd2 Bd7
17. Re1 a6 18. Rbc1 e6 19. Nc3 Qc7 20. Bf4 Qb7 21. Bh6 Bh8
22. Bxf8 Rxf8 23. f4 Rd8 24. e5 f6 25. exf6 Bxf6 26. Qe3 Nxe2+
27. Nxe2 Bxb2 28. Rcd1 Bg7 29. Rd3 Nd4 30. Nxd4 Bxd4 31. Rxd4
cxd4 32. Qxd4 Qc7 33. Rd1 Rf8 34. Qxd7 Qxc4 35. Qd4 Rxf4
36. Qxb6 Qxa2 37. g3 Rf8 38. Re1 e5 39. Ng4 Rf5 40. Nh6+ Kg7
41. Nxf5+ 1-0

[Event "7th European Individual Championship: Women"]
[Site "Kusadasi TUR"]
[Date "2006.04.09"]
[EventDate "2006.04.04"]
[Round "6"]
[Result "0-1"]
[White "Inna Agrest"]
[Black "Helene Mira"]
[WhiteElo "2030"]
[BlackElo "2140"]
[PlyCount "150"]

1. e4 e6 2. d4 d5 3. exd5 exd5 4. c4 Nf6 5. Nc3 Bb4 6. h3 O-O
7. Nf3 Re8+ 8. Be3 c5 9. Bd3 Nc6 10. O-O cxd4 11. Nxd4 Ne5
12. cxd5 Nxd3 13. Qxd3 Nxd5 14. Nxd5 Qxd5 15. Rad1 Bd7 16. Qb1
Qh5 17. Rd3 Bc5 18. Nb3 Bxe3 19. Rxd7 Bb6 20. Nd4 Rad8
21. Rxd8 Rxd8 22. Nf3 Qd5 23. b3 g5 24. Qc1 f6 25. Qc3 Kf7
26. Qb4 h5 27. Ne1 Re8 28. Qc3 Re2 29. a3 Qd4 30. Qf3 Qe4
31. Qxh5+ Kg7 32. Nf3 Rxf2 33. Rxf2 Qe2 34. Qg4 Qxf2+ 35. Kh1
Qf1+ 36. Kh2 Bc7+ 37. g3 Qf2+ 38. Kh1 Bxg3 39. Qe4 Qf1+
40. Ng1 Qb5 41. Qe7+ Kg6 42. Qe4+ Kh6 43. Ne2 Be5 44. Qe3 Bd6
45. b4 Qe5 46. Qf2 Qe4+ 47. Kg1 Be5 48. Kf1 a6 49. Qc5 Qf5+
50. Kg2 Qd7 51. Qf8+ Kh7 52. Kf2 Qe6 53. Qa8 Qb6+ 54. Kf1 Qc6
55. Qf8 Qc7 56. Qe8 Kg7 57. Qe6 Qd6 58. Qe8 Bb2 59. Qe3 Be5
60. Qa7 Qc7 61. Qe3 Qc8 62. Kf2 Kg6 63. Ke1 Qc6 64. Qb3 f5
65. Qg8+ Bg7 66. Qb8 f4 67. h4 f3 68. hxg5 fxe2 69. Kxe2 Qe6+
70. Kd2 Qa2+ 71. Kd1 Qb3+ 72. Ke2 Qc2+ 73. Ke3 Qc3+ 74. Ke2
Qe5+ 75. Qxe5 Bxe5 0-1

[Event "7th European Individual Championship: Women"]
[Site "Kusadasi TUR"]
[Date "2006.04.10"]
[EventDate "2006.04.04"]
[Round "7"]
[Result "1-0"]
[White "Christin Andersson"]
[Black "Inna Agrest"]
[WhiteElo "2170"]
[BlackElo "2030"]
[PlyCount "171"]

1. e4 e5 2. Nf3 Nc6 3. Nc3 Nf6 4. d4 exd4 5. Nxd4 Bb4 6. Nxc6
bxc6 7. Bd3 d5 8. exd5 cxd5 9. O-O O-O 10. Bg5 c6 11. Qf3 Be7
12. Rfe1 Re8 13. h3 Rb8 14. Rab1 Be6 15. Bf5 Bxf5 16. Qxf5 d4
17. Ne2 Rb5 18. Qf4 Nh5 19. Bxe7 Qxe7 20. Qd2 Re5 21. Kf1 c5
22. b4 cxb4 23. Nxd4 Rxe1+ 24. Rxe1 Qxe1+ 25. Qxe1 Rxe1+
26. Kxe1 Nf4 27. g3 Nd5 28. Nc6 a6 29. Kd2 f5 30. Kd3 f4
31. g4 Kf7 32. Kc4 Nc3 33. Nxb4 Ne4 34. Nd3 g5 35. Kd4 Nd6
36. c4 Ke7 37. Kd5 h6 38. a4 Nc8 39. c5 Kd7 40. Ne5+ Kc7
41. Ke6 Na7 42. Kf6 Kd8 43. c6 Nc8 44. a5 Kc7 45. Ke6 Nd6
46. Kd5 Nb5 47. Nd3 Nc3+ 48. Kc4 Ne4 49. Kd4 Nd2 50. Nb4 Nb3+
51. Kd5 Nxa5 52. Nxa6+ Kb6 53. Nb4 Kc7 54. Kc5 Nb3+ 55. Kc4
Nd2+ 56. Kd5 Kb6 57. Nd3 Kc7 58. Nc5 Nb1 59. Ne6+ Kc8 60. Kd4
Nd2 61. Kd3 Nf3 62. c7 Ng1 63. Nd4 Kxc7 64. f3 Kd6 65. Ke4
Nxh3 66. Nf5+ Ke6 67. Nxh6 Ng1 68. Nf5 Ne2 69. Kd3 Ng3
70. Nd4+ Kd5 71. Nb3 Nf1 72. Ke2 Ne3 73. Nd2 Nc2 74. Kd3 Nd4
75. Kc3 Ne2+ 76. Kc2 Kd4 77. Ne4 Ke3 78. Nxg5 Nd4+ 79. Kd1
Nxf3 80. Nxf3 Kxf3 81. g5 Kg2 82. g6 f3 83. g7 f2 84. g8=Q Kf3
85. Qf8+ Ke3 86. Qf7 1-0

[Event "7th European Individual Championship: Women"]
[Site "Kusadasi TUR"]
[Date "2006.04.14"]
[EventDate "2006.04.04"]
[Round "10"]
[Result "1-0"]
[White "Laura Bensdorp"]
[Black "Inna Agrest"]
[WhiteElo "2080"]
[BlackElo "2030"]
[PlyCount "61"]

1. e4 e5 2. Nf3 Nc6 3. d4 exd4 4. Nxd4 Qh4 5. Nc3 Bb4 6. Ndb5
Qxe4+ 7. Be2 Bxc3+ 8. bxc3 Kd8 9. O-O a6 10. Nd4 Nxd4 11. cxd4
Nf6 12. Bf3 Qg6 13. c4 d6 14. Qb3 Rb8 15. c5 Ne4 16. Re1 Be6
17. d5 Bf5 18. Bf4 b6 19. Rac1 Bd7 20. c6 Bf5 21. Qe3 Nf6
22. Bxd6 Re8 23. Be7+ Kc8 24. d6 cxd6 25. c7 Rb7 26. Qa3 Ra7
27. Bxf6 Rxe1+ 28. Rxe1 Be6 29. Be7 Rxc7 30. Bxd6 Ra7 31. Bf4
1-0

[Event "7th European Individual Championship: Women"]
[Site "Kusadasi TUR"]
[Date "2006.04.15"]
[EventDate "2006.04.04"]
[Round "11"]
[Result "1-0"]
[White "Rasa Norinkeviciute"]
[Black "Inna Agrest"]
[WhiteElo "2073"]
[BlackElo "2030"]
[PlyCount "69"]

1. e4 e5 2. Nf3 Nc6 3. Bb5 a6 4. Ba4 Nf6 5. d3 b5 6. Bb3 Bc5
7. c3 O-O 8. O-O d6 9. h3 h6 10. Re1 Bb7 11. Nbd2 Qe8 12. Nf1
Bb6 13. Ne3 Ne7 14. Nh2 Kh8 15. Qf3 Nh7 16. g4 f5 17. gxf5
Bxe3 18. Qxe3 d5 19. Qg3 dxe4 20. dxe4 Nc6 21. Ng4 Nf6 22. f3
Nd7 23. Bd5 Qe7 24. Be3 Rfe8 25. Rad1 Nf6 26. Be6 Nxg4
27. hxg4 Rad8 28. Kg2 Rxd1 29. Rxd1 Bc8 30. Bd5 Nd8 31. Kh1
Nf7 32. g5 Qf8 33. gxh6 Nxh6 34. Bxh6 gxh6 35. Qg6 1-0

[Event "Scandinavian Chess Tournament"]
[Site "?"]
[Date "2007.08.10"]
[EventDate "?"]
[Round "9"]
[Result "1-0"]
[White "Tomas Carnstam"]
[Black "Inna Agrest"]
[WhiteElo "2274"]
[BlackElo "2085"]
[PlyCount "95"]

1. b3 e5 2. Bb2 Nc6 3. e3 d5 4. Bb5 Bd6 5. f4 Qe7 6. Nf3 Bg4
7. fxe5 Bxe5 8. Bxe5 Bxf3 9. Qxf3 Qxe5 10. Bxc6+ bxc6 11. O-O
Nf6 12. Nc3 O-O 13. Qf4 Qe7 14. Qh4 Rfe8 15. Rf5 Ne4 16. Qxe7
Rxe7 17. Nxe4 Rxe4 18. Raf1 f6 19. R1f4 Re6 20. Ra4 g6
21. Rff4 c5 22. Ra5 Rc6 23. c4 dxc4 24. Rxc4 Rd8 25. d4 Re6
26. Raxc5 Rxe3 27. Rxc7 Rde8 28. Rc2 Rd3 29. Rxa7 Rxd4 30. h3
h5 31. Rcc7 g5 32. Rg7+ Kh8 33. Rh7+ Kg8 34. Rag7+ Kf8 35. Rd7
Rxd7 36. Rxd7 Re2 37. a4 Ke8 38. Rb7 Ra2 39. Rb5 Kd7 40. a5
Ke6 41. b4 h4 42. Rb6+ Ke5 43. a6 f5 44. Rb5+ Kf4 45. Ra5 Rc2
46. Ra1 Rc8 47. a7 Ra8 48. b5 1-0

[Event "EU-ch U18 Girls 18th"]
[Site "Herceg Novi MNE"]
[Date "2008.09.15"]
[EventDate "2008.09.15"]
[Round "1.5"]
[Result "0-1"]
[White "Maria Vladimirova"]
[Black "Inna Agrest"]
[WhiteElo "2009"]
[BlackElo "2206"]
[PlyCount "106"]

1. e4 e5 2. d4 exd4 3. Qxd4 Nc6 4. Qe3 Nf6 5. Bd2 Bb4 6. a3
Bxd2+ 7. Nxd2 O-O 8. O-O-O Re8 9. Qf4 d5 10. exd5 Nxd5 11. Qg3
Qf6 12. Ngf3 b5 13. Ne4 Rxe4 14. Rxd5 Be6 15. Rd1 b4 16. Qg5
bxa3 17. Qxf6 gxf6 18. bxa3 Rb8 19. Bd3 Ra4 20. Kd2 Rxa3
21. Rb1 Rd8 22. Rb7 Bf5 23. Rxc7 Bxd3 24. cxd3 Rdxd3+ 25. Ke2
Nb4 26. Rb1 Nd5 27. Rc4 h5 28. Rb8+ Kg7 29. Rb7 a5 30. Nh4
Rdb3 31. Nf5+ Kh7 32. Rxb3 Rxb3 33. Nd4 Nf4+ 34. Kd2 Rb2+
35. Nc2 Nxg2 36. Rc5 Kg6 37. Rxa5 Nh4 38. Kc1 Rb3 39. Ne3 Rd3
40. Ra8 f5 41. Rg8+ Kf6 42. Kc2 Rd7 43. Rh8 f4 44. Rxh5 fxe3
45. Rxh4 Kg5 46. Rh3 Rd2+ 47. Kc3 Rxf2 48. Kd3 e2 49. Kd2 Kg4
50. Rh8 Kf3 51. Rf8 f5 52. Rxf5+ Kg2 53. Rg5+ Kf1 0-1

[Event "EU-ch U18 Girls 18th"]
[Site "Herceg Novi MNE"]
[Date "2008.09.16"]
[EventDate "2008.09.15"]
[Round "2.4"]
[Result "0-1"]
[White "Inna Agrest"]
[Black "Joanna Kasperek"]
[WhiteElo "2206"]
[BlackElo "2041"]
[PlyCount "56"]

1. e4 c5 2. Nf3 e6 3. d4 cxd4 4. Nxd4 a6 5. Nc3 b5 6. Be3 d6
7. Qd2 Nf6 8. f3 Be7 9. g4 Bb7 10. h4 Nc6 11. O-O-O Rc8 12. g5
Nd7 13. Bh3 Nxd4 14. Bxd4 Ne5 15. Qf2 Qc7 16. f4 b4 17. Nd5
exd5 18. Bxc8 Bxc8 19. fxe5 dxe5 20. Bb6 Qc4 21. Rhf1 O-O
22. b3 Qc3 23. Rd3 Qa1+ 24. Kd2 Qxa2 25. exd5 Qb2 26. Qg1 Bd7
27. d6 Rc8 28. Bc5 e4 0-1

[Event "EU-ch U18 Girls 18th"]
[Site "Herceg Novi MNE"]
[Date "2008.09.17"]
[EventDate "2008.09.15"]
[Round "3.10"]
[Result "1-0"]
[White "Ekaterini Pavlidou"]
[Black "Inna Agrest"]
[WhiteElo "2034"]
[BlackElo "2206"]
[PlyCount "115"]

1. d4 d5 2. c4 c6 3. Nf3 Nf6 4. Nc3 e6 5. Bg5 h6 6. Bxf6 Qxf6
7. e3 Nd7 8. Bd3 dxc4 9. Bxc4 g6 10. O-O Bg7 11. e4 e5 12. d5
Nb6 13. Bb3 O-O 14. dxc6 bxc6 15. Qe2 Rd8 16. Rac1 Bd7 17. Na4
Nxa4 18. Bxa4 Rac8 19. Rfd1 Qe7 20. Qa6 f5 21. Ne1 fxe4
22. Qxa7 Bf6 23. Bb3+ Kh7 24. Qc5 Qg7 25. Nc2 Be7 26. Qc4 Bg5
27. Ne3 Rf8 28. Qxe4 Rf4 29. Qd3 Rd4 30. Qe2 Rf8 31. Rc4 Qf6
32. f3 Bc8 33. Rcxd4 exd4 34. Nc4 Bf4 35. Re1 Rf7 36. g3 Bc7
37. Nd2 Bb6 38. Qe8 Rf8 39. Qe7+ Qxe7 40. Rxe7+ Kh8 41. Kg2
Bd8 42. Re4 Bf6 43. Bc4 Bf5 44. Re1 Rb8 45. b3 Rd8 46. Ne4 Be7
47. Bd3 Ra8 48. Re2 Kg7 49. g4 Bd7 50. Kg3 Ra5 51. a4 Be6
52. Nd2 Bd6+ 53. Kg2 Bf7 54. Nc4 Bxc4 55. Bxc4 Bb4 56. Re6 Rc5
57. Kf2 g5 58. Ke2 1-0

[Event "EU-ch U18 Girls 18th"]
[Site "Herceg Novi MNE"]
[Date "2008.09.18"]
[EventDate "2008.09.15"]
[Round "4.19"]
[Result "1-0"]
[White "Inna Agrest"]
[Black "Irina Vartic"]
[WhiteElo "2206"]
[BlackElo "1836"]
[PlyCount "63"]

1. e4 e5 2. Nf3 Nf6 3. Nxe5 d6 4. Nf3 Nxe4 5. Nc3 Nxc3 6. dxc3
Be7 7. Bf4 O-O 8. Qd2 Nd7 9. O-O-O Nc5 10. h4 Bg4 11. Be2 Re8
12. Be3 Ne4 13. Qd3 Bf6 14. Kb1 Qe7 15. Ng5 Bxe2 16. Qxe2 Nxf2
17. Qxf2 Qxe3 18. Qf5 Bxg5 19. hxg5 Qe4 20. Qf2 Qg4 21. Rdf1
Rf8 22. Qe3 Qxg2 23. Qd3 f5 24. gxf6 Rxf6 25. Qxh7+ Kf7
26. Rfg1 Qf3 27. Qxg7+ Ke6 28. Re1+ Kd5 29. Qd7 Rf7 30. Qb5+
c5 31. c4+ Kd4 32. Rd1+ 1-0